000 01253nam a22003497a 4500
003 CHAP
005 20220329143542.0
008 100529s2009 br a r 00010 fre d
010 _a98455
011 _a99427
020 _a9264160485
035 _a110113
040 _cCHAP
090 _aFolleto 17653
100 1 _aMandarino, Edmundo Paolilo
_970344
245 1 0 _aProductividade do cacaueiro (Theobroma cacao L) cultivado em blocos Monoclonais, no sul da Bahia, Brasil
_c/par Edmundo Paolilo Mandarino et Augusto Robert Sena Gomes
260 _ano sul da Bahia, Brasil :
_bMinistério da Agricultura, Pecuária e Abastecimiento,
_c2009
300 _a30 p. :
_bilus., cuadros
490 0 _aBoletín técnico
_v; 197
590 _aBATCH-UPD
_b10
_c20130110
_lUCH01
_h1052
590 _aBATCH-UPD
_b10
_c20130410
_lUCH01
_h0648
590 _aBATCH-UPD
_b10
_c20130914
_lUCH01
_h0655
590 _aCONVERSION
_b10
_c20130109
_lUCH01
_h1354
650 1 4 _aCacao.
_916918
650 1 4 _aCacao
_xBrasil.
_916929
650 1 4 _aCacao
_xRendimiento.
_916970
700 1 _aSena Gomes, Augusto Roberto
_9104400
830 0 _aBoletín técnico
_v; 197
_913560
901 _aBK
942 _cFOLL
949 _aFolleto 17653
_bBC
_cFOLL
_d33724002168116
_eTS1
_i110113
_sb
999 _c98455
_d98455